Curso teórico-práctico, sinóptico-bibliográfico de Derecho Civil español común y foral / (Registro nro. 21596)

Detalles MARC
000 -LEADER
campo de control de longitud fija 00512nam a2200157 i 4500
001 - NÚMERO DE CONTROL
campo de control 21596
003 - IDENTIFICADOR DE NÚMERO DE CONTROL
campo de control ES-MaACL
005 - FECHA Y HORA DE LA ÚLTIMA TRANSACCIÓN
campo de control 20230906152518.0
007 - CAMPO FIJO DE DESCRIPCIÓN FÍSICA--INFORMACIÓN GENERAL
campo de control de longitud fija t|
008 - DATOS DE LONGITUD FIJA--INFORMACIÓN GENERAL
campo de control de longitud fija 021126s1880 sp ||||1| spa d
100 1# - ENTRADA PRINCIPAL--NOMBRE DE PERSONA
Nombre de persona Alcalde Prieto, Domingo.
9 (RLIN) 19488
245 10 - MENCIÓN DEL TÍTULO
Título Curso teórico-práctico, sinóptico-bibliográfico de Derecho Civil español común y foral /
Mención de responsabilidad, etc. Domingo Alcalde Prieto.
260 ## - PUBLICACIÓN, DISTRIBUCIÓN, ETC.
Lugar de publicación, distribución, etc. Valladolid :
Nombre del editor, distribuidor, etc. [s.n.],
Fecha de publicación, distribución, etc. 1880 (
Fabricante Hijos de Rodríguez)
300 ## - DESCRIPCIÓN FÍSICA
Extensión 419 p. ;
Dimensiones 24 cm.
852 ## - LOCALIZACIÓN
Ubicación ES-MaACL
Número de control de estantería D-542
Existencias
Estatus retirado Estado de pérdida Estado de daño No para préstamo Colección Biblioteca de origen Biblioteca actual Ubicación en estantería Fecha de adquisición Fuente de adquisición Total de préstamos Signatura topográfica completa Código de barras Visto por última vez Precio de reemplazo Tipo de ítem Koha
        Libros del s. XIX Biblioteca del Ateneo de Madrid Biblioteca del Ateneo de Madrid Sala Valle Inclán 17/01/2008     D-542 901022196 23/02/2023 23/02/2023 Libro impreso antiguo